| LEADER |
00694nam0a2200217 450 |
| 001 |
16821843 |
| 010 |
|
|
|a 978-2-7459-6307-9
|b rel.
|d 23,9
|
| 100 |
|
|
|a 20140310d2026 u u0frey01 ba
|
| 101 |
1 |
|
|a fre
|c fre
|
| 102 |
|
|
|a FR
|
| 200 |
0 |
|
|a Pizzas
|e pâtes, tomates, olives & co
|f Pete Evans
|
| 207 |
|
1 |
|a
|
| 210 |
|
|
|a Toulouse
|b 9 rue des Gestes.
|c Milan
|d DL 2013
|
| 215 |
|
|
|a 1 vol. (255 p.)
|c ill. en noir et en coul., couv. ill. en coul.
|d 27 cm
|
| 300 |
|
|
|a Index
|
| 606 |
0 |
|
|a Pizza
|
| 676 |
|
|
|a 641.824 8
|
| 700 |
|
0 |
|a Evans
|b Pete
|4 70
|
| 900 |
|
|
|a Documentaire
|
| 901 |
|
|
|a Accessible au prêt
|
| 995 |
|
|
|a Bibliothèque
|c Bibliothèque
|f 024015917
|h 024015917
|k 641 EVA
|o p
|q a
|r az
|e Bibliothèque
|